District of Columbia House Voting Rights Act of 2007 : report together with additional views (to accompany H.R. 1433) (including cost estimate of the Congressional Budget Office).

Bibliographic Details
Corporate Authors: United States. Congress. House. Committee on Oversight and Government Reform, United States. Congress. House. Committee on the Judiciary
Format: Government Document Book
Language:English
Published: [Washington, D.C.] : [U.S. G.P.O.], [2007-]
Series:Rept. / 110th Congress, 1st session, House of Representatives ; 110-52
Subjects:
Online Access:Pt. 1
Pt. 2
Pt. 3

MARC

Tag First Indicator Second Indicator Subfields
LEADER 00000cam a2200000 a 4500
001 in00002356421
005 20220106090855.0
008 070419m20079999dcu b f000 0 eng c
035 |a (OCoLC)ocn123280079 
040 |a GPO  |c GPO  |d GPO  |d MvI  |d UtOrBLW 
042 |a pcc 
043 |a n-us-dc 
049 |a UDOC 
049 |a WWW 
050 1 4 |a KF32  |b .O94 2007c 
074 |a 1008-C 
074 |a 1008-C (online) 
074 |a 1008-D (MF) 
074 |a 1008-D (online) 
086 0 |a Y 1.1/8:110-52/ 
110 1 |a United States.  |b Congress.  |b House.  |b Committee on Oversight and Government Reform. 
245 1 0 |a District of Columbia House Voting Rights Act of 2007 :  |b report together with additional views (to accompany H.R. 1433) (including cost estimate of the Congressional Budget Office). 
264 1 |a [Washington, D.C.] :  |b [U.S. G.P.O.],  |c [2007-] 
300 |a volumes ;  |c 24 cm. 
336 |a text  |b txt  |2 rdacontent 
337 |a unmediated  |b n  |2 rdamedia 
338 |a volume  |b nc  |2 rdacarrier 
490 1 |a Rept. / 110th Congress, 1st session, House of Representatives ;  |v 110-52 
500 |a Caption title. 
500 |a "Report together with minority, dissenting, and additional dissenting views"--Pt. 2. 
500 |a "Supplemental report"--Pt. 3. 
500 |a "Committee on the Judiciary"--Pt. 2. 
500 |a Distributed to some depository libraries in microfiche. 
500 |a Shipping list number: 2007-0226-P (pts. 1-2), 2007-0241-P (pt. 3). 
500 |a "March 19, 2007"--Pt. 1. 
500 |a "March 20, 2007"--Pt. 2. 
500 |a "March 21, 2007"--Pt. 3. 
504 |a Includes bibliographical references. 
530 |a Also available via Internet from the GPO Access web site. Addresses as of 5/2/07: http://frwebgate.access.gpo.gov/cgi-bin/getdoc.cgi?dbname=110%5Fcong%5Freports&docid=f:hr052p1.pdf (pt. 1), http://frwebgate.access.gpo.gov/cgi-bin/getdoc.cgi?dbname=110%5Fcong%5Freports&docid=f:hr052p2.110.pdf (pt. 2), http://frwebgate.access.gpo.gov/cgi-bin/getdoc.cgi?dbname=110%5Fcong%5Freports&docid=f:hr052p3.pdf (pt. 3); current access available via PURLs. 
610 1 0 |a United States.  |b Congress.  |b House  |x Voting. 
650 0 |a Representative government and representation  |z Washington (D.C.) 
651 0 |a Washington (D.C.)  |x Politics and government  |y 1995- 
710 1 |a United States.  |b Congress.  |b House.  |b Committee on the Judiciary. 
810 1 |a United States.  |b Congress.  |b House.  |t Report ;  |v 110-52. 
856 4 1 |3 Pt. 1  |u https://purl.fdlp.gov/GPO/LPS80723  |t 0 
856 4 1 |3 Pt. 2  |u https://purl.fdlp.gov/GPO/LPS81121  |t 0 
856 4 1 |3 Pt. 3  |u https://purl.fdlp.gov/GPO/LPS81161  |t 0 
999 |a MARS 
999 f f |s d767bf53-ae4f-3d95-8a3d-3b2892501228  |i 94525d0e-86ad-31f1-8df1-2a4229e7b2a3  |t 0 
952 f f |a Texas A&M University  |b College Station  |c Electronic Resources  |d Available Online  |t 0  |e Y 1.1/8:110-52/  |h Superintendent of Documents classification 
998 f f |a Y 1.1/8:110-52/  |t 0  |l Available Online